00823nam a2200193 i 4500001000700000003000900007005001700016007000300033008004100036080002200077245017900099260006500278300002800343650004500371700005500416852002000471999001900491952011900510114638ES-MaACL20251120142807.0t|070316s1930 sp ||||1| spa d a398.9(460)(082.2)00a12600 refranes más no contenidos en la colección del maestro Gonzalo Correas ni en "Más de 21000 refranes castellanos" / callególos... Francisco Rodríguez Marín. aMadrid : b[s.n.], c1930 (fImp. de la Revista de Archivos) aVIII, 344 p. ; c26 cm. 4aRefranes y proverbios-zEspaña.9167261 aRodríguez Marín, Francisco, d1855-1943998634 aES-MaACLjA-222 c114638d114638 00104070aATENEOMbATENEOMcSPP1d2008-01-17eSCl0oA-222p1119549r2023-02-23 00:00:00w2023-02-23yMONOGRAFIA